| 000 | 00761nam a2200313Ia 4500 | ||
|---|---|---|---|
| 003 | OSt | ||
| 005 | 20231213162556.0 | ||
| 008 | 210210b1974 xxu||||| |||| 00| 0 eng d | ||
| 040 | _cAL | ||
| 041 | _aEnglish | ||
| 082 | _a657.42 GUPP | ||
| 100 |
_aGUPTA (R K) _9146041 |
||
| 245 | _aPrinciples and practice of cost accounting | ||
| 250 | _a3 | ||
| 260 |
_aDelhi. _bAgra Book store _c1974 |
||
| 300 | _a683 | ||
| 650 |
_aPrinciples _9146042 |
||
| 650 |
_apractice _9146043 |
||
| 650 |
_aof _9146044 |
||
| 650 |
_aEd _9146045 |
||
| 650 |
_acost _9146046 |
||
| 650 |
_aand _9146047 |
||
| 650 |
_aaccounting _9146048 |
||
| 650 |
_a3 _9146049 |
||
| 690 |
_aCost Accounting _9146050 |
||
| 700 |
_aKHURJA _9146051 |
||
| 906 | _a030869 | ||
| 942 |
_2ddc _cBK |
||
| 999 |
_c81931 _d81931 |
||